Foliar nutrient resorption in rubber trees (Hevea brasiliensis) (Record no. 59507)

MARC details
000 -LEADER
fixed length control field 00500nam a2200181Ia 4500
100 ## - MAIN ENTRY--AUTHOR NAME
Personal name Jessy M.D
245 #0 - TITLE STATEMENT
Title Foliar nutrient resorption in rubber trees (Hevea brasiliensis)
260 ## - PUBLICATION, DISTRIBUTION, ETC. (IMPRINT)
Name of publisher Journal of Plantation Crops
Year of publication 2012
300 ## - PHYSICAL DESCRIPTION
Number of Pages 94-100
650 ## - SUBJECT ADDED ENTRY--TOPICAL TERM
Topical Term Hevea brasiliensis
650 ## - SUBJECT ADDED ENTRY--TOPICAL TERM
Topical Term Nutrient ratio
650 ## - SUBJECT ADDED ENTRY--TOPICAL TERM
Topical Term Proficiency
650 ## - SUBJECT ADDED ENTRY--TOPICAL TERM
Topical Term Resorption efficiency
650 ## - SUBJECT ADDED ENTRY--TOPICAL TERM
Topical Term Soil nutrient status
700 ## - ADDED ENTRY--PERSONAL NAME
Personal name Joseph P
942 ## - ADDED ENTRY ELEMENTS (KOHA)
Koha item type Journals
Holdings
Withdrawn status Lost status Damaged status Not for loan Home library Current library Shelving location Date acquired Serial Enumeration / chronology Koha item type
      Journals RRII Library RRII Library Agronomy 17/12/2021 Volume 40, Issue 2 Journals